000 00501nam a2200181Ia 4500
003 GCL
008 140319s9999 xx 000 0 ara d
040 _aGCL /
_cGCL
082 0 4 _a791.437
_bف س
100 1 _aفتحى فرج
245 1 0 _aسينما 73 /
_cفتحى فرج
300 _a95 ص
490 _aالهيئة العامة للاستعلامات
_v0
650 0 4 _aالافلام السينمائية
650 0 4 _aالسينما
650 0 4 _aالسينمائيون
942 _2ddc
_cBK
999 _c51045
_d51045